000 00492nam a2200181Ia 4500
008 090124s9999 xx 000 0 und d
082 _b103971
100 _aशहाणे रत्नप्रभा
245 _a गुलशन
250 _a1
260 _c1951
300 _a100
600 _aशहाणे रत्नप्रभा
630 _a गुलशन
700 _aशहाणे रत्नप्रभा
730 _a गुलशन
942 _cBOOK
999 _c150063
_d150063